Social-Political Philosophy/ (Record no. 9743)

MARC details
000 -LEADER
fixed length control field 00513nam a22001817a 4500
003 - CONTROL NUMBER IDENTIFIER
control field OSt
005 - DATE AND TIME OF LATEST TRANSACTION
control field 20260422090456.0
008 - FIXED-LENGTH DATA ELEMENTS--GENERAL INFORMATION
fixed length control field 260422b |||||||| |||| 00| 0 eng d
020 ## - INTERNATIONAL STANDARD BOOK NUMBER
International Standard Book Number 971-150-089-2
040 ## - CATALOGING SOURCE
Original cataloging agency DWC-Main Lib.
Transcribing agency OC
082 ## - DEWEY DECIMAL CLASSIFICATION NUMBER
Classification number Fil. 190 D49s 1992
100 ## - MAIN ENTRY--PERSONAL NAME
Personal name De Villa, Agrecio PH.D
245 ## - TITLE STATEMENT
Title Social-Political Philosophy/
Statement of responsibility, etc. Agrecio De Villa, PH.D
260 ## - PUBLICATION, DISTRIBUTION, ETC.
Name of publisher, distributor, etc. Katha Publishing Co., Inc.
300 ## - PHYSICAL DESCRIPTION
Extent 207 p. ;
Dimensions 25 cm.
500 ## - GENERAL NOTE
General note Include index.
942 ## - ADDED ENTRY ELEMENTS (KOHA)
Source of classification or shelving scheme Dewey Decimal Classification
Koha item type Book-Filipiniana
Classification part Fil.
Suppress in OPAC No
952 ## - LOCATION AND ITEM INFORMATION (KOHA)
--
Holdings
Withdrawn status Lost status Source of classification or shelving scheme Damaged status Not for loan Home library Current library Shelving location Date acquired Cost, normal purchase price Total Checkouts Full call number Barcode Date last seen Copy number Price effective from Koha item type Uniform Resource Identifier
    Dewey Decimal Classification     College Library College Library Filipiniana 04/22/2026 79.50   FIl. 190 D49s 1992 CL31967 04/22/2026 c1 04/22/2026 BK - FIL